[Event "IECC Swiss email"]
[Site "IECC email"]
[Date "2001.01.17"]
[Round "?"]
[White "Martin, Dennis"]
[Black "Buck, Shawn"]
[Result "1-0"]
[WhiteElo "1724"]
[BlackElo "1000"]
[PlyCount "31"]
[EventDate "2001.??.??"]
[EventType "tourn (corr)"]
[EventRounds "6"]
[SourceTitle "Corr 2008"]
[Source "ChessBase"]
[SourceDate "2008.06.24"]
[SourceVersion "1"]
[SourceVersionDate "2008.06.24"]
[SourceQuality "1"]

1. e4 e5 2. Nf3 Nc6 3. Bc4 Bc5 4. 0-0 h6 5. c3 Nf6 6. d4 exd4 7. cxd4 Bb6 8. Nc3 d6 9. Re1 0-0 10. h3 Ba5 11. a3 Re8 12. b4 Bb6 13. Bb2 a6 14. Qb3 Be6 15. d5 Nb8 16. dxe6 1-0